Regions of Continents *4 - Statistics

General Stats
  • This quiz has been taken 72 times
  • The average score is 5 of 6
Answer Stats
Region Continent % Correct
Siberia Asia
99%
Great Lakes North America
96%
Polynesia Australia, Oceania
93%
Iberian Peninsula Europe
87%
Atlas Mountains Africa
81%
Pampas South America
81%
No matching quizzes found
Score Distribution
Percent of People with Each Score
Percentile by Number Answered
Your Score History
You have not taken this quiz